[Event "Liptovsky Mikulas V4 U15 op"]
[Site "Liptovsky Mikulas"]
[Date "2016.06.23"]
[Round "5"]
[White "Malinowska, Maja"]
[Black "Malinowski, Aleksander"]
[Result "1/2-1/2"]
[WhiteElo "1000"]
[BlackElo "1400"]
[PlyCount "43"]
[EventDate "2016.06.22"]
[EventType "swiss"]
[EventRounds "9"]
[EventCountry "SVK"]
[SourceTitle "CBM 173 Extra"]
[Source "ChessBase"]
[SourceDate "2016.08.29"]
[SourceVersion "1"]
[SourceVersionDate "2016.08.29"]
[SourceQuality "1"]

1. e4 c5 2. Nf3 Nc6 3. d4 cxd4 4. Nxd4 Nf6 5. Nc3 e5 6. Nxc6 bxc6 7. Be3 Bb4 8. Bd3 0-0 9. 0-0 h6 10. Qf3 d5 11. exd5 cxd5 12. Qg3 Ng4 13. Bd2 Bxc3 14. bxc3 Qb6 15. Be2 Qg6 16. h3 Nf6 17. Qxe5 Bxh3 18. Bf3 Be6 19. Rfe1 Nd7 20. Qg3 Qxg3 21. fxg3 Nf6 22. Re5 1/2-1/2

[Event "Liptovsky Mikulas V4 U15 op"]
[Site "Liptovsky Mikulas"]
[Date "2016.06.23"]
[Round "4"]
[White "Sivicek, Filip"]
[Black "Malinowski, Aleksander"]
[Result "1-0"]
[WhiteElo "1223"]
[BlackElo "1400"]
[PlyCount "107"]
[EventDate "2016.06.22"]
[EventType "swiss"]
[EventRounds "9"]
[EventCountry "SVK"]
[SourceTitle "CBM 173 Extra"]
[Source "ChessBase"]
[SourceDate "2016.08.29"]
[SourceVersion "1"]
[SourceVersionDate "2016.08.29"]
[SourceQuality "1"]

1. d4 d5 2. c4 c6 3. e3 Nf6 4. Nf3 Bg4 5. b3 g6 6. h3 Bf5 7. Nc3 Bg7 8. Bd3 Bxd3 9. Qxd3 0-0 10. 0-0 Nbd7 11. cxd5 cxd5 12. Bb2 Re8 13. Rfd1 e6 14. Rac1 Rc8 15. Rc2 e5 16. dxe5 Nxe5 17. Nxe5 Rxe5 18. Qd4 Re8 19. Qxa7 Qe7 20. Qd4 Qe5 21. Qxe5 Rxe5 22. Rcd2 h6 23. Nb5 Re6 24. Bxf6 Bxf6 25. Rxd5 Rc2 26. R5d2 Rc5 27. Nd4 Ra6 28. a4 Rc3 29. Rd3 Rxd3 30. Rxd3 Be5 31. Nb5 Rc6 32. g3 Kg7 33. Nd4 Rd6 34. Kf1 f5 35. f4 Bxd4 36. Rxd4 Rxd4 37. exd4 Kf6 38. h4 Ke6 39. Ke2 Kd5 40. Kd3 h5 41. b4 b6 42. a5 bxa5 43. bxa5 Kc6 44. Kc4 Kb7 45. Kc5 Ka6 46. d5 Kxa5 47. d6 Ka4 48. d7 Kb3 49. d8Q Kc2 50. Kc4 g5 51. Qd3+ Kb2 52. Qd2+ Ka1 53. Kb3 gxf4 54. Qc1# 1-0

[Event "Orlova op-A 12th"]
[Site "Orlova"]
[Date "2015.05.29"]
[Round "6"]
[White "Neumann, Filip"]
[Black "Malinowski, Aleksander"]
[Result "1-0"]
[WhiteElo "1498"]
[BlackElo "1380"]
[PlyCount "65"]
[EventDate "2015.05.24"]
[EventType "swiss"]
[EventRounds "9"]
[EventCountry "CZE"]
[SourceTitle "CBM 166 Extra"]
[Source "ChessBase"]
[SourceDate "2015.06.18"]
[SourceVersion "1"]
[SourceVersionDate "2015.06.18"]
[SourceQuality "1"]

1. e4 d5 2. exd5 Nf6 3. d4 Nxd5 4. Nf3 Bf5 5. Bd3 Qd7 6. 0-0 Nc6 7. Bg5 0-0-0 8. c3 f6 9. Bh4 Bxd3 10. Qxd3 Nf4 11. Qc2 g5 12. Bg3 Nh5 13. Nbd2 Nxg3 14. fxg3 g4 15. Nh4 Nxd4 16. cxd4 Qxd4+ 17. Rf2 e5 18. Rc1 Qb6 19. Nc4 Qd4 20. Ne3 Rd7 21. Nhf5 Qb6 22. Nxg4 h5 23. Nge3 Bh6 24. Nxh6 Rxh6 25. Nf5 Rg6 26. Ne7+ Rxe7 27. Qxg6 Rd7 28. Qxf6 Qd4 29. Qf8+ Rd8 30. Qf5+ Qd7 31. Qxe5 Re8 32. Qxh5 Qd4 33. Kh1 1-0